[Event "IV Memorial Salvatore Nobile"]
[Site "Roma ITA"]
[Date "2011.01.13"]
[Round "1"]
[White "Quimi, Marco"]
[Black "Di Carlo, Adriano"]
[Result "1-0"]
[WhiteElo "2114"]
[BlackElo "1765"]
[PlyCount "39"]
[EventDate "2011.01.13"]

1. e4 c6 2. d4 d5 3. e5 Bf5 4. Nc3 e6 5. g4 Bg6 6. Nge2 Ne7 7. Be3 Nd7 8. h4 h5
9. f3 c5 10. Nf4 Nc6 11. Nxg6 fxg6 12. Qd3 Ndxe5 13. dxe5 Nxe5 14. Qb5+ Nd7 15.
O-O-O a6 16. Qe2 Nb6 17. Bg5 Qd6 18. gxh5 gxh5 19. Bh3 Kd7 20. Rhe1 1-0

[Event "IV Memorial Salvatore Nobile"]
[Site "Roma ITA"]
[Date "2011.01.13"]
[Round "1"]
[White "Andreozzi, Paolo"]
[Black "Marta, Daniele"]
[Result "0-1"]
[WhiteElo "1718"]
[BlackElo "2051"]
[PlyCount "84"]
[EventDate "2011.01.13"]

1. d4 Nf6 2. c4 g6 3. Nf3 Bg7 4. g3 O-O 5. Bg2 d6 6. O-O Nbd7 7. Nc3 c6 8. Re1
e5 9. Bg5 h6 10. Bc1 Re8 11. e3 e4 12. Nd2 d5 13. b3 Nf8 14. Qc2 h5 15. f3 exf3
16. Nxf3 Bf5 17. Qb2 Ng4 18. cxd5 cxd5 19. Bd2 Bh6 20. Nh4 Be6 21. e4 Qf6 22.
Nf3 Qg7 23. Nxd5 Bxd5 24. exd5 Red8 25. Ne5 Nf6 26. Bxh6 Qxh6 27. Qf2 Qg7 28.
Rf1 N8h7 29. Rac1 Rac8 30. d6 Rxc1 31. Rxc1 Rxd6 32. Rc8+ Nf8 33. Bxb7 Ng4 34.
Nxg4 hxg4 35. d5 Qa1+ 36. Kg2 Rf6 37. Qe2 Kg7 38. Re8 Nh7 39. Bc8 Qd4 40. Bb7
Ng5 41. d6 Nh3 42. Qe1 Qf2+ 0-1

[Event "IV Memorial Salvatore Nobile"]
[Site "Roma ITA"]
[Date "2011.01.13"]
[Round "1"]
[White "Prudenzano, Ruggero"]
[Black "Di Dario, Dario"]
[Result "1-0"]
[WhiteElo "1954"]
[BlackElo "1711"]
[PlyCount "71"]
[EventDate "2011.01.13"]

1. d4 f5 2. Nf3 Nf6 3. Bg5 e6 4. Nbd2 Be7 5. Bxf6 Bxf6 6. e4 O-O 7. Bd3 Nc6 8.
c3 d6 9. exf5 exf5 10. Qb3+ Kh8 11. O-O-O Re8 12. h4 d5 13. Rde1 Re7 14. Qc2
Qd7 15. Ng5 b6 16. Ndf3 Qd6 17. Rxe7 Qxe7 18. Bxf5 Bxf5 19. Qxf5 g6 20. Qxd5
Qe8 21. Re1 Bxg5+ 22. hxg5 Qf8 23. Qxc6 Qf4+ 24. Re3 Rf8 25. Qe4 Qf7 26. Qe5+
Kg8 27. Qe6 Kg7 28. Qxf7+ Rxf7 29. Kd2 c5 30. dxc5 bxc5 31. c4 a5 32. b3 h6 33.
gxh6+ Kxh6 34. Re5 Rc7 35. Kc3 Rc6 36. Nd2 1-0

[Event "IV Memorial Salvatore Nobile"]
[Site "Roma ITA"]
[Date "2011.01.13"]
[Round "1"]
[White "Denozza, Mauro"]
[Black "Catalini, Giampiero"]
[Result "0-1"]
[WhiteElo "1672"]
[BlackElo "1953"]
[PlyCount "96"]
[EventDate "2011.01.13"]

1. d4 d5 2. Nf3 c5 3. c3 Nf6 4. e3 Bg4 5. Nbd2 e6 6. Bd3 Nc6 7. O-O Be7 8. dxc5
Bxc5 9. Qc2 Rc8 10. e4 Bb6 11. exd5 Nxd5 12. Bxh7 Bc7 13. h3 Bh5 14. g4 Nf4 15.
gxh5 Nxh3+ 16. Kg2 Ng5 17. Bg6 Qf6 18. Bxf7+ Nxf7 19. Qg6 Ke7 20. Ne4 Qxf3+ 21.
Kxf3 Nfe5+ 22. Ke2 Nxg6 23. hxg6 Rcf8 24. Bg5+ Ke8 25. Nc5 Rf5 26. Be3 Ke7 27.
Rad1 Rd5 28. Rxd5 exd5 29. Nxb7 Kf6 30. Nc5 Re8 31. Kd3 Kxg6 32. Rg1+ Kf7 33.
f4 Bb6 34. Rg5 Rxe3+ 35. Kxe3 Bxc5+ 36. Kd3 Ne7 37. b4 Bd6 38. Rg4 Ng6 39. Ke3
Kf6 40. a4 Ne7 41. b5 Bc5+ 42. Kd3 g6 43. c4 d4 44. Rg5 Nf5 45. Ke4 Bb4 46. Kd5
d3 47. Rg1 d2 48. Rd1 Ne3+ 0-1

[Event "IV Memorial Salvatore Nobile"]
[Site "Roma ITA"]
[Date "2011.01.13"]
[Round "1"]
[White "Minikh, Edouard"]
[Black "Chianura, Mimmo"]
[Result "1-0"]
[WhiteElo "1920"]
[BlackElo "1667"]
[PlyCount "83"]
[EventDate "2011.01.13"]

1. d4 d5 2. c4 e6 3. Nc3 Nf6 4. Nf3 c6 5. Bg5 dxc4 6. e4 b5 7. e5 h6 8. Bh4 g5
9. Nxg5 Nd5 10. Nf3 Qa5 11. Qc2 h5 12. Nd2 Bb4 13. Rc1 Nd7 14. g3 Nf8 15. Bg2
Ng6 16. Bg5 Qb6 17. Nf3 Be7 18. O-O Bxg5 19. Nxg5 Qxd4 20. Nf3 Qb6 21. Ne4 Bd7
22. Nd6+ Ke7 23. Qd2 Be8 24. Ne4 Rd8 25. Qg5+ Kd7 26. b3 cxb3 27. axb3 Kc7 28.
Rfd1 Kb8 29. Nd6 Qc7 30. Nxb5 Qe7 31. Qxe7 Ngxe7 32. Nd6 Nc8 33. Nxe8 Rhxe8 34.
Rxc6 Nce7 35. Rdc1 Rg8 36. h4 Rg4 37. Ng5 Rf8 38. Bf3 Rxg5 39. hxg5 Rg8 40.
Bxh5 Rxg5 41. Bxf7 Rxe5 42. Re1 1-0

[Event "IV Memorial Salvatore Nobile"]
[Site "Roma ITA"]
[Date "2011.01.13"]
[Round "1"]
[White "Crucioli, Marco"]
[Black "Condemi De Felice, Alfonso"]
[Result "1/2-1/2"]
[WhiteElo "1592"]
[BlackElo "1904"]
[PlyCount "41"]
[EventDate "2011.01.13"]

1. e4 g6 2. d3 Bg7 3. Ne2 c5 4. Ng3 Nc6 5. c3 Nf6 6. Be2 e5 7. O-O O-O 8. Na3
a6 9. f4 d5 10. Qe1 dxe4 11. dxe4 b5 12. f5 Bb7 13. Nc2 Ne7 14. Bf3 Qc7 15. Bg5
gxf5 16. Bxf6 Bxf6 17. Nh5 Bg5 18. exf5 Bxf3 19. Rxf3 Kh8 20. Ne3 Bxe3+ 21.
Qxe3 1/2-1/2

[Event "IV Memorial Salvatore Nobile"]
[Site "Roma ITA"]
[Date "2011.01.13"]
[Round "1"]
[White "Bogosaljevic, Miodrag"]
[Black "Palocci, Claudio"]
[Result "0-1"]
[WhiteElo "1898"]
[BlackElo "1580"]
[PlyCount "110"]
[EventDate "2011.01.13"]

1. e4 c5 2. Nf3 e6 3. d4 cxd4 4. Nxd4 Nc6 5. f4 a6 6. Bc4 d6 7. O-O Nf6 8. Nc3
Be7 9. Kh1 O-O 10. a3 Qc7 11. Ba2 Rd8 12. Be3 Nxd4 13. Bxd4 b5 14. Qe2 Bb7 15.
Rad1 Rac8 16. e5 dxe5 17. Bxe5 Qc6 18. Bb3 Ne4 19. Rfe1 Nxc3 20. Bxc3 Bh4 21.
Qg4 Qxg2+ 22. Qxg2 Bxg2+ 23. Kxg2 Bxe1 24. Rxe1 Rc5 25. Kg3 Rf5 26. Rxe6 fxe6
27. Bxe6+ Rf7 28. f5 Kf8 29. Bxf7 Kxf7 30. Kf4 Rd1 31. Ke4 Rc1 32. Kd3 Rf1 33.
Ke4 Rf2 34. Be5 Rxc2 35. Kd5 g6 36. f6 g5 37. Ke4 Rf2 38. Kd5 Rxf6 39. Bxf6
Kxf6 40. Kc6 g4 41. Kb6 h5 42. Kxa6 h4 43. Kxb5 g3 44. hxg3 hxg3 45. a4 g2 46.
a5 g1=Q 47. b4 Ke6 48. Kc6 Qa7 49. b5 Qxa5 50. b6 Qd5+ 51. Kc7 Qe5+ 52. Kb7 Kd7
53. Ka8 Qa5+ 54. Kb7 Qb5 55. Ka8 Kc6 0-1

[Event "IV Memorial Salvatore Nobile"]
[Site "Roma ITA"]
[Date "2011.01.13"]
[Round "1"]
[White "Ricci, Stefano"]
[Black "Maurizio, Antonio"]
[Result "0-1"]
[WhiteElo "1518"]
[BlackElo "1898"]
[PlyCount "72"]
[EventDate "2011.01.13"]

1. e4 e6 2. d4 d5 3. e5 c5 4. c3 Nc6 5. Nf3 Qb6 6. a3 a5 7. Be2 cxd4 8. cxd4
Nge7 9. Bd3 Bd7 10. Bc2 Na7 11. O-O Bb5 12. Re1 Rc8 13. Nc3 Nec6 14. Be3 Ba6
15. Na4 Qc7 16. Ng5 Be7 17. Rc1 b5 18. Nc3 b4 19. Nxd5 exd5 20. e6 Bxg5 21.
Bxg5 f6 22. Qh5+ Kd8 23. Bf4 Qxf4 24. Qxd5+ Kc7 25. Be4 Bb7 26. axb4 axb4 27.
Ra1 Rhd8 28. Qa2 Rxd4 29. Bxc6 Nxc6 30. Rec1 Ra8 31. Qb1 Rd2 32. f3 Rxa1 33.
Qxa1 Qd4+ 34. Kh1 Qxb2 35. Qa5+ Kb8 36. Qc5 Qd4 0-1

[Event "IV Memorial Salvatore Nobile"]
[Site "Roma ITA"]
[Date "2011.01.13"]
[Round "1"]
[White "Castellano, Lorenzo"]
[Black "Disi, Alessandro"]
[Result "1-0"]
[WhiteElo "1874"]
[BlackElo "1509"]
[PlyCount "45"]
[EventDate "2011.01.13"]

1. e4 e5 2. Nf3 Nc6 3. d4 exd4 4. Nxd4 Qf6 5. Nxc6 Qxc6 6. Bd3 Nf6 7. O-O Bc5
8. e5 Nd5 9. Bc4 O-O 10. Bxd5 Qg6 11. Nc3 d6 12. Be4 f5 13. exf6 Qxf6 14. Be3
Bxe3 15. fxe3 Qe7 16. Rxf8+ Qxf8 17. Qd5+ Kh8 18. Rf1 Qe7 19. Rf7 Be6 20. Rxe7
Bxd5 21. Nxd5 c6 22. Nf4 b5 23. Bxc6 1-0

[Event "IV Memorial Salvatore Nobile"]
[Site "Roma ITA"]
[Date "2011.01.13"]
[Round "1"]
[White "Dorascenzi, Angelo"]
[Black "Baruffaldi, Giuseppe"]
[Result "0-1"]
[WhiteElo "1404"]
[BlackElo "1836"]
[PlyCount "58"]
[EventDate "2011.01.13"]

1. e4 c5 2. Nf3 d6 3. d4 cxd4 4. Nxd4 Nf6 5. Nc3 g6 6. Be2 Bg7 7. Nf3 Nc6 8.
O-O O-O 9. a3 a6 10. h3 Nd7 11. Na2 Nce5 12. Re1 Nxf3+ 13. Bxf3 Ne5 14. c3 Bd7
15. Nb4 Nxf3+ 16. Qxf3 a5 17. Nd5 e6 18. Nf4 Bc6 19. Nd3 f5 20. Nf4 Qd7 21. Qe3
fxe4 22. f3 e5 23. Nxg6 hxg6 24. fxe4 Qe6 25. Bd2 a4 26. Qg3 Rf7 27. Re2 Raf8
28. Bg5 Qc4 29. Qg4 Bd7 0-1

[Event "IV Memorial Salvatore Nobile"]
[Site "Roma ITA"]
[Date "2011.01.13"]
[Round "1"]
[White "Bolla, Vittorio"]
[Black "Nazzarri, Errico"]
[Result "1-0"]
[WhiteElo "1782"]
[BlackElo "1362"]
[PlyCount "54"]
[EventDate "2011.01.13"]

1. e4 e5 2. Nf3 Nf6 3. Nxe5 d6 4. Nf3 Nxe4 5. Nc3 Nf6 6. d4 Be7 7. Bc4 d5 8.
Bb3 O-O 9. O-O c6 10. Re1 Ng4 11. h3 Nf6 12. Bf4 Bf5 13. Bg5 Nbd7 14. Ne5 h6
15. Bh4 c5 16. Nxd7 Bxd7 17. dxc5 Bc6 18. Qd4 g5 19. Bg3 b6 20. cxb6 Qxb6 21.
Qxb6 axb6 22. Rxe7 d4 23. Be5 dxc3 24. Bxf6 cxb2 25. Bxb2 Rae8 26. Rae1 Rd8 27.
Rc7 Be8 1-0

[Event "IV Memorial Salvatore Nobile"]
[Site "Roma ITA"]
[Date "2011.01.13"]
[Round "1"]
[White "Guiducci, Antonio"]
[Black "Cannavo', Giuseppe"]
[Result "1-0"]
[WhiteElo "1356"]
[BlackElo "1317"]
[PlyCount "35"]
[EventDate "2011.01.13"]

1. e4 Nc6 2. Nc3 e5 3. Bb5 Nf6 4. Bxc6 bxc6 5. d3 d5 6. Bg5 d4 7. Nce2 Be7 8.
f4 Qd6 9. fxe5 Qxe5 10. Nf3 Qa5+ 11. Bd2 Qb6 12. Rb1 c5 13. b3 O-O 14. Ne5 h6
15. O-O Ng4 16. Nc4 Qc6 17. Nf4 Bg5 18. Nd5 1-0

[Event "IV Memorial Salvatore Nobile"]
[Site "Roma ITA"]
[Date "2011.01.14"]
[Round "2"]
[White "Russo, Roberto"]
[Black "Quimi, Marco"]
[Result "0-1"]
[WhiteElo "1872"]
[BlackElo "2114"]
[PlyCount "44"]
[EventDate "2011.01.13"]

1. f4 g6 2. e4 Bg7 3. d4 d6 4. Nc3 Nd7 5. Be2 c5 6. Nf3 cxd4 7. Nxd4 Ngf6 8.
Be3 O-O 9. O-O a6 10. Qd2 Qc7 11. Rae1 b5 12. Bf3 Bb7 13. e5 dxe5 14. fxe5 Nxe5
15. Bf4 Nxf3+ 16. Nxf3 Qb6+ 17. Be3 Qc6 18. Nd4 Qd7 19. Qe2 b4 20. Nd1 Ng4 21.
Nf3 a5 22. Bf4 Ba6 0-1

[Event "IV Memorial Salvatore Nobile"]
[Site "Roma ITA"]
[Date "2011.01.14"]
[Round "2"]
[White "Marta, Daniele"]
[Black "Battistelli, Alessandro"]
[Result "1/2-1/2"]
[WhiteElo "2051"]
[BlackElo "1849"]
[PlyCount "66"]
[EventDate "2011.01.13"]

1. e4 e6 2. d4 d5 3. Nd2 Nf6 4. e5 Nfd7 5. Bd3 c5 6. c3 Nc6 7. Ne2 cxd4 8. cxd4
Qb6 9. Nf3 Bb4+ 10. Bd2 O-O 11. O-O f6 12. exf6 Nxf6 13. Bg5 Bd6 14. Nc3 Be7
15. Qd2 Bd7 16. Rac1 Rae8 17. Bb1 Ng4 18. Qd3 g6 19. Bxe7 Rxe7 20. h3 Nf6 21.
Qd2 Nh5 22. Ne2 Kg7 23. Rc3 Qb4 24. Qe3 Qd6 25. Ne5 Be8 26. Rfc1 Nf4 27. Nxc6
Bxc6 28. Qe5+ Qxe5 29. dxe5 Nh5 30. Nd4 Nf4 31. Kf1 Be8 32. Rc7 Rff7 33. Rxe7
Rxe7 1/2-1/2

[Event "IV Memorial Salvatore Nobile"]
[Site "Roma ITA"]
[Date "2011.01.14"]
[Round "2"]
[White "Catalini, Giampiero"]
[Black "Bolla, Vittorio"]
[Result "1-0"]
[WhiteElo "1953"]
[BlackElo "1782"]
[PlyCount "77"]
[EventDate "2011.01.13"]

1. d4 Nf6 2. Nf3 c5 3. d5 e6 4. e4 exd5 5. e5 Ne4 6. Qxd5 f5 7. Bd3 Be7 8. O-O
Nc6 9. c3 d6 10. Re1 dxe5 11. Bxe4 Qxd5 12. Bxd5 e4 13. Ng5 Ne5 14. Ne6 Bxe6
15. Bxe6 Nd3 16. Rf1 Rd8 17. Na3 a6 18. c4 Rf8 19. Bd5 Rd7 20. Nc2 Kd8 21. a3
b6 22. Ne1 Nxe1 23. Rxe1 Bf6 24. Rb1 Bd4 25. b4 h6 26. Be3 Rf6 27. Red1 Bxe3
28. fxe3 Rfd6 29. bxc5 bxc5 30. Rb8+ Ke7 31. Rdb1 Kf6 32. R1b6 Ke5 33. g3 Kf6
34. a4 g5 35. a5 f4 36. Rxd6+ Rxd6 37. Rb6 Ke5 38. Rxd6 Kxd6 39. gxf4 1-0

[Event "IV Memorial Salvatore Nobile"]
[Site "Roma ITA"]
[Date "2011.01.14"]
[Round "2"]
[White "Palocci, Claudio"]
[Black "Minikh, Edouard"]
[Result "0-1"]
[WhiteElo "1580"]
[BlackElo "1920"]
[PlyCount "77"]
[EventDate "2011.01.13"]

1. e4 e5 2. Nf3 Nc6 3. Bb5 a6 4. Bxc6 dxc6 5. d4 exd4 6. Qxd4 Qxd4 7. Nxd4 Nf6
8. f3 c5 9. Ne2 Bd7 10. Nbc3 Bc6 11. Be3 O-O-O 12. Kf2 b5 13. Rad1 Be7 14.
Rxd8+ Rxd8 15. Rd1 Rxd1 16. Nxd1 Nd7 17. Nf4 Ne5 18. Nc3 Nc4 19. Bc1 Bf6 20.
Nfe2 b4 21. Nd1 Kd7 22. b3 Ne5 23. Ne3 Bb5 24. f4 Nc6 25. e5 Be7 26. c4 bxc3
27. Nxc3 Nb4 28. Ba3 Bc6 29. Bxb4 cxb4 30. Ncd5 Bc5 31. Ke2 Bb5+ 32. Nc4 a5 33.
Nde3 Bxe3 34. Kxe3 Bxc4 35. bxc4 a4 36. Kd3 Ke6 37. Kd4 c5+ 38. Kd3 Kf5 39. h4
0-1

[Event "IV Memorial Salvatore Nobile"]
[Site "Roma ITA"]
[Date "2011.01.14"]
[Round "2"]
[White "Condemi De Felice, Alfonso"]
[Black "Tamburrini, Andrea"]
[Result "1-0"]
[WhiteElo "1904"]
[BlackElo "1505"]
[PlyCount "55"]
[EventDate "2011.01.13"]

1. d4 d5 2. Nf3 Nf6 3. e3 e6 4. Bd3 Bd6 5. O-O O-O 6. b3 c5 7. Bb2 Nc6 8. c3
Qc7 9. Nbd2 e5 10. dxc5 Bxc5 11. e4 Bg4 12. exd5 Nxd5 13. Bxh7+ Kh8 14. Be4 Nf6
15. h3 Nxe4 16. Nxe4 Bxf3 17. Qxf3 Be7 18. Rad1 Kg8 19. Rd2 Rad8 20. Rfd1 Rxd2
21. Rxd2 f5 22. Ng3 Bg5 23. Rd1 e4 24. Qh5 Qe7 25. Ba3 Qxa3 26. Qxg5 Qa5 27. c4
Qc7 28. Nxf5 1-0

[Event "IV Memorial Salvatore Nobile"]
[Site "Roma ITA"]
[Date "2011.01.14"]
[Round "2"]
[White "Casella, Carlo"]
[Black "Crucioli, Marco"]
[Result "0-1"]
[WhiteElo "1691"]
[BlackElo "1592"]
[PlyCount "90"]
[EventDate "2011.01.13"]

1. e4 e5 2. Nf3 d6 3. Bc4 Be7 4. Nc3 c6 5. h3 Nf6 6. d3 Nbd7 7. O-O b5 8. Bb3
Nc5 9. Ne2 a5 10. c3 a4 11. Bc2 O-O 12. Ng3 Ne6 13. Nf5 Nf4 14. Nxe7+ Qxe7 15.
Bxf4 exf4 16. Re1 a3 17. b3 Nh5 18. e5 g6 19. exd6 Qxd6 20. d4 f6 21. Qe2 Ra7
22. Qd2 g5 23. Nh2 Ng7 24. Re2 h5 25. f3 Nf5 26. Rae1 Nh4 27. Re8 Nf5 28. b4
Ne3 29. Bb3+ Kg7 30. Rxf8 Kxf8 31. Nf1 Nd5 32. Re2 Bf5 33. Qe1 Re7 34. Rxe7
Qxe7 35. Qd2 Nb6 36. Qd1 Bd3 37. Qd2 Bc4 38. Bxc4 Nxc4 39. Qf2 Qe6 40. Nd2 Ne3
41. Ne4 Ke7 42. Nc5 Qc4 43. Qd2 Qf1+ 44. Kh2 Qb1 45. Nd3 Nf1+ 0-1

[Event "IV Memorial Salvatore Nobile"]
[Site "Roma ITA"]
[Date "2011.01.14"]
[Round "2"]
[White "Disi, Alessandro"]
[Black "Bogosaljevic, Miodrag"]
[Result "1/2-1/2"]
[WhiteElo "1509"]
[BlackElo "1898"]
[PlyCount "39"]
[EventDate "2011.01.13"]

1. d4 d5 2. c4 c6 3. Nc3 Nf6 4. Nf3 dxc4 5. e4 b5 6. d5 Bb7 7. a4 b4 8. Na2
Nxe4 9. Bxc4 a5 10. O-O cxd5 11. Bb5+ Bc6 12. Be3 e6 13. Ne5 Bxb5 14. axb5 Bc5
15. Bxc5 Nxc5 16. Rc1 Qd6 17. Qd4 Nb7 18. Rc8+ Ke7 19. Qh4+ f6 20. Rxh8 1/2-1/2

[Event "IV Memorial Salvatore Nobile"]
[Site "Roma ITA"]
[Date "2011.01.14"]
[Round "2"]
[White "Di Carlo, Adriano"]
[Black "Ricci, Stefano"]
[Result "0-1"]
[WhiteElo "1765"]
[BlackElo "1518"]
[PlyCount "60"]
[EventDate "2011.01.13"]

1. e4 e6 2. d4 d5 3. exd5 exd5 4. Bd3 Nf6 5. Ne2 Bd6 6. Bg5 Nbd7 7. Nd2 c5 8.
c4 cxd4 9. cxd5 Qa5 10. O-O Qxd5 11. Nf3 Ne5 12. Nxe5 Bxe5 13. f4 Bd6 14. Bxf6
gxf6 15. Ng3 Be6 16. Ne4 O-O-O 17. Nxf6 Qa5 18. f5 Rhg8 19. fxe6 Qe5 20. Qh5
Qe3+ 21. Rf2 Rg5 22. Qf3 Qe5 23. g3 fxe6 24. Ng4 Qg7 25. Rc2+ Kb8 26. h3 h5 27.
Be4 hxg4 28. Qb3 gxh3 29. Qxe6 d3 30. Rd2 Rxg3+ 0-1

[Event "IV Memorial Salvatore Nobile"]
[Site "Roma ITA"]
[Date "2011.01.14"]
[Round "2"]
[White "Nazzarri, Errico"]
[Black "Andreozzi, Paolo"]
[Result "0-1"]
[WhiteElo "1362"]
[BlackElo "1718"]
[PlyCount "89"]
[EventDate "2011.01.13"]

1. e4 c5 2. Nc3 Nc6 3. g3 d6 4. Bg2 g6 5. d3 Bg7 6. Nge2 Nf6 7. O-O Bg4 8. f3
Bd7 9. Be3 a6 10. a3 Qc8 11. g4 b5 12. Rb1 b4 13. axb4 Nxb4 14. Qd2 Rb8 15. Nd1
h5 16. g5 Nh7 17. h4 O-O 18. Nf2 e5 19. b3 Re8 20. c4 Nf8 21. f4 f5 22. Ng3
exf4 23. Bxf4 Be5 24. Bxe5 dxe5 25. exf5 gxf5 26. Nxh5 Ng6 27. Nf6+ Kf7 28.
Nxe8 Qxe8 29. h5 Nf4 30. g6+ Kf6 31. Rbe1 Qh8 32. Qd1 Qh6 33. Re4 fxe4 34. Ng4+
Bxg4 35. Qxg4 Qg5 36. Qxg5+ Kxg5 37. Bxe4 Kxh5 38. g7 Rg8 39. Kf2 Kg5 40. Rg1+
Kf6 41. Rh1 Rxg7 42. Rh6+ Ke7 43. Bf5 Nbxd3+ 44. Ke3 Rg3+ 45. Ke4 0-1

[Event "IV Memorial Salvatore Nobile"]
[Site "Roma ITA"]
[Date "2011.01.14"]
[Round "2"]
[White "Di Dario, Dario"]
[Black "Arceri, Paolo"]
[Result "1-0"]
[WhiteElo "1711"]
[BlackElo "1464"]
[PlyCount "72"]
[EventDate "2011.01.13"]

1. d4 Nf6 2. e3 g6 3. Nf3 Bg7 4. Bd3 O-O 5. O-O b6 6. Nbd2 Bb7 7. c3 d6 8. e4
Nbd7 9. Re1 c5 10. Nf1 Re8 11. Bg5 h6 12. Bf4 Nh5 13. Be3 e5 14. d5 Nf4 15. Qd2
g5 16. Ng3 g4 17. Nxe5 dxe5 18. Nf5 Nxd3 19. Qxd3 Qf6 20. Rad1 Bf8 21. Qd2 Kh7
22. Qe2 h5 23. Qd2 Qg6 24. Rf1 Nf6 25. Qc2 Red8 26. c4 Rd7 27. f3 gxf3 28. Rxf3
Ng4 29. Bc1 Be7 30. Rdf1 Rf8 31. h3 Rh8 32. Nxe7 Rxe7 33. hxg4 hxg4 34. Rf6 Qh5
35. Rh6+ Qxh6 36. Bxh6 Kxh6 1-0

[Event "IV Memorial Salvatore Nobile"]
[Site "Roma ITA"]
[Date "2011.01.14"]
[Round "2"]
[White "Cannavo', Giuseppe"]
[Black "Denozza, Mauro"]
[Result "0-1"]
[WhiteElo "1317"]
[BlackElo "1672"]
[PlyCount "64"]
[EventDate "2011.01.13"]

1. e4 e6 2. e5 d5 3. d4 c5 4. c4 cxd4 5. Qxd4 Nc6 6. Qf4 Nge7 7. Bd3 Nb4 8. Qd2
Nxd3+ 9. Qxd3 Qc7 10. Nd2 Qxe5+ 11. Qe2 Qxe2+ 12. Nxe2 g6 13. O-O Bg7 14. Rb1
d4 15. Ng3 f5 16. b4 b6 17. b5 Bb7 18. Ba3 e5 19. f3 Kf7 20. Bb4 Rhe8 21. h3
Rad8 22. h4 Nc8 23. Rbe1 Nd6 24. Bxd6 Rxd6 25. a4 Kg8 26. Kh2 Ree6 27. Re2 e4
28. Nb3 d3 29. Rd2 f4 30. Rfd1 fxg3+ 31. Kxg3 e3 32. Ra1 Bxa1 0-1

[Event "IV Memorial Salvatore Nobile"]
[Site "Roma ITA"]
[Date "2011.01.14"]
[Round "2"]
[White "Chianura, Mimmo"]
[Black "Dorascenzi, Angelo"]
[Result "1-0"]
[WhiteElo "1667"]
[BlackElo "1404"]
[PlyCount "35"]
[EventDate "2011.01.13"]

1. e4 e5 2. Nf3 Nc6 3. Bb5 a6 4. Bxc6 dxc6 5. O-O Bd6 6. d4 Nf6 7. dxe5 Bxe5 8.
Qxd8+ Kxd8 9. Nxe5 Be6 10. Nc3 Ke7 11. Bg5 Rhd8 12. Bxf6+ gxf6 13. Nd3 Rd7 14.
f4 Rad8 15. b3 b5 16. f5 Bc4 17. bxc4 bxc4 18. Nb4 1-0

[Event "IV Memorial Salvatore Nobile"]
[Site "Roma ITA"]
[Date "2011.01.25"]
[Round "3"]
[White "Quimi, Marco"]
[Black "Catalini, Giampiero"]
[Result "1-0"]
[WhiteElo "2114"]
[BlackElo "1953"]
[PlyCount "81"]
[EventDate "2011.01.13"]

1. e4 c6 2. d4 d5 3. e5 c5 4. dxc5 e6 5. Be3 Nc6 6. Nf3 Be7 7. Bb5 Nh6 8. c3
Bd7 9. Bxc6 Bxc6 10. O-O Nf5 11. Bd4 Rc8 12. b4 O-O 13. a4 a6 14. Re1 Qd7 15.
Nbd2 f6 16. Nf1 Rce8 17. Qb3 Bd8 18. Reb1 b5 19. cxb6 Nxd4 20. cxd4 Bxb6 21.
exf6 gxf6 22. Qd3 Bb7 23. Re1 Qg7 24. Ne3 Qg6 25. Qb3 Kh8 26. a5 Bc7 27. Rac1
Bb8 28. Qa4 Rg8 29. g3 Qe4 30. Kg2 Qg6 31. b5 e5 32. bxa6 Ba8 33. Qd7 Rg7 34.
Qh3 exd4 35. Nf5 Be5 36. Nxg7 Kxg7 37. Nxe5 fxe5 38. Rc7+ Kg8 39. Qd7 d3 40.
Rc8 d4+ 41. Rxa8 1-0

[Event "IV Memorial Salvatore Nobile"]
[Site "Roma ITA"]
[Date "2011.01.25"]
[Round "3"]
[White "Maurizio, Antonio"]
[Black "Prudenzano, Ruggero"]
[Result "1-0"]
[WhiteElo "1898"]
[BlackElo "1954"]
[PlyCount "85"]
[EventDate "2011.01.13"]

1. d4 Nf6 2. c4 c5 3. d5 b5 4. cxb5 a6 5. f3 d6 6. e4 Nbd7 7. Nc3 e6 8. bxa6
Bxa6 9. Bxa6 Rxa6 10. Nh3 Be7 11. Nf4 exd5 12. Nfxd5 O-O 13. Nxe7+ Qxe7 14. O-O
Ne5 15. b3 c4 16. Be3 Rfa8 17. a4 cxb3 18. Qxb3 h5 19. Nb5 Qb7 20. Rfc1 Rb8 21.
Qd1 Ne8 22. Nd4 d5 23. Rab1 Qa8 24. Rxb8 Qxb8 25. exd5 Qa8 26. Nb5 Rxa4 27. d6
Rc4 28. d7 Rxc1 29. Bxc1 Qd8 30. dxe8=Q+ Qxe8 31. Nd4 Qd8 32. Be3 h4 33. h3 Nc4
34. Bf2 Ne5 35. Qe2 Ng6 36. Qe4 Qg5 37. Qg4 Qc1+ 38. Kh2 Qc7+ 39. Kh1 Qc1+ 40.
Bg1 Qe1 41. Nf5 Kh7 42. Qd4 f6 43. Qd7 1-0

[Event "IV Memorial Salvatore Nobile"]
[Site "Roma ITA"]
[Date "2011.01.25"]
[Round "3"]
[White "Crucioli, Marco"]
[Black "Marta, Daniele"]
[Result "0-1"]
[WhiteElo "1592"]
[BlackElo "2051"]
[PlyCount "25"]
[EventDate "2011.01.13"]

1. e4 c5 2. d3 Nf6 3. Ne2 e6 4. Ng3 d5 5. Nd2 Nc6 6. c3 Be7 7. Be2 O-O 8. O-O
b5 9. f4 dxe4 10. dxe4 Qb6 11. Kh1 Bb7 12. Nf3 c4 13. f5 0-1

[Event "IV Memorial Salvatore Nobile"]
[Site "Roma ITA"]
[Date "2011.01.25"]
[Round "3"]
[White "Battistelli, Alessandro"]
[Black "Condemi De Felice, Alfonso"]
[Result "1-0"]
[WhiteElo "1849"]
[BlackElo "1904"]
[PlyCount "75"]
[EventDate "2011.01.13"]

1. e4 g6 2. d4 Bg7 3. Nc3 d6 4. Be3 Nd7 5. Qd2 c6 6. Nf3 Ngf6 7. Bh6 O-O 8.
Bxg7 Kxg7 9. O-O-O b5 10. e5 Ne8 11. h4 h5 12. Bd3 dxe5 13. Nxe5 Nxe5 14. dxe5
Nc7 15. Be4 Qxd2+ 16. Rxd2 b4 17. Na4 Nd5 18. Nc5 e6 19. Rd4 Rb8 20. Bd3 Re8
21. g4 hxg4 22. Rxg4 Ne7 23. Rg5 Rh8 24. Rg4 Rh5 25. f4 Nf5 26. Ne4 Bb7 27. Nc5
Ba8 28. Bxf5 exf5 29. Rg5 Rxg5 30. hxg5 Rb5 31. Nd7 Rd5 32. Nf6 Rd8 33. Rh7+
Kf8 34. Rh8+ Ke7 35. Rxd8 Kxd8 36. Kd2 Bb7 37. Kd3 a5 38. Kd4 1-0

[Event "IV Memorial Salvatore Nobile"]
[Site "Roma ITA"]
[Date "2011.01.25"]
[Round "3"]
[White "Castellano, Lorenzo"]
[Black "Di Dario, Dario"]
[Result "1/2-1/2"]
[WhiteElo "1874"]
[BlackElo "1711"]
[PlyCount "47"]
[EventDate "2011.01.13"]

1. e4 c5 2. Nc3 Nc6 3. f4 d6 4. Bb5 Bd7 5. Nf3 e6 6. O-O Be7 7. Qe1 a6 8. Bxc6
Bxc6 9. d3 Qc7 10. Qg3 g6 11. Kh1 Nf6 12. e5 Nh5 13. Qe1 O-O-O 14. a3 d5 15.
Rb1 h6 16. b4 d4 17. Ne4 cxb4 18. axb4 Ba4 19. Bd2 Kb8 20. c4 dxc3 21. Nxc3 Bc2
22. Rc1 Bxd3 23. Rf2 Qd7 24. b5 1/2-1/2

[Event "IV Memorial Salvatore Nobile"]
[Site "Roma ITA"]
[Date "2011.01.25"]
[Round "3"]
[White "Andreozzi, Paolo"]
[Black "Baruffaldi, Giuseppe"]
[Result "0-1"]
[WhiteElo "1718"]
[BlackElo "1836"]
[PlyCount "98"]
[EventDate "2011.01.13"]

1. d4 Nf6 2. c4 g6 3. Nf3 Bg7 4. g3 O-O 5. Bg2 c5 6. e3 d6 7. Nc3 a6 8. dxc5
dxc5 9. O-O Nc6 10. a3 Qc7 11. Qc2 Be6 12. b3 Rad8 13. Bb2 Bf5 14. e4 Bg4 15.
Nd5 Nxd5 16. Bxg7 Bxf3 17. cxd5 Bxg2 18. Bxf8 Bxf1 19. dxc6 Bd3 20. Qc3 Rxf8
21. Qxd3 Rd8 22. Qc3 Qxc6 23. Rc1 Rc8 24. Qe5 Qd6 25. Qc3 b6 26. Kf1 e5 27. Ke2
Qd4 28. Qxd4 exd4 29. Kd3 Kf8 30. b4 Ke7 31. bxc5 bxc5 32. Rb1 Kd6 33. a4 Kc7
34. Rc1 Kc6 35. f4 Rb8 36. Ra1 Rb3+ 37. Kc2 c4 38. Ra2 a5 39. Kd2 Kc5 40. Ke2
h5 41. Kd2 Rf3 42. Ke2 Re3+ 43. Kd1 Rb3 44. Kd2 Kb4 45. Rc2 c3+ 46. Kd3 Rb2 47.
Rxb2+ cxb2 48. Kc2 Ka3 49. Kb1 d3 0-1